<?xml version="1.0" encoding="UTF-8"?>
<record
    xmlns:xsi="http://www.w3.org/2001/XMLSchema-instance"
    xsi:schemaLocation="http://www.loc.gov/MARC21/slim http://www.loc.gov/standards/marcxml/schema/MARC21slim.xsd"
    xmlns="http://www.loc.gov/MARC21/slim">

  <leader>03438nam a2200217 a 4500</leader>
  <controlfield tag="001">Rebiun33976468</controlfield>
  <controlfield tag="008">230915s2023    sp            001 0 spa c</controlfield>
  <datafield tag="020" ind1=" " ind2=" ">
    <subfield code="a">9788419261595</subfield>
  </datafield>
  <datafield tag="040" ind1=" " ind2=" ">
    <subfield code="a">USPCEU-AAS </subfield>
    <subfield code="b">English</subfield>
    <subfield code="c">tbs</subfield>
  </datafield>
  <datafield tag="041" ind1=" " ind2=" ">
    <subfield code="a">Spanish</subfield>
  </datafield>
  <datafield tag="100" ind1=" " ind2=" ">
    <subfield code="a">Breithaupt, Fritz</subfield>
    <subfield code="9">25544</subfield>
    <subfield code="e">author</subfield>
  </datafield>
  <datafield tag="245" ind1="1" ind2="3">
    <subfield code="a">El cerebro narrativo </subfield>
    <subfield code="b">: lo que nuestras neuronas cuentan </subfield>
    <subfield code="c">/ Fritz Breithaupt ; translated by Joaqu&#xED;n Chamorro Mielke.</subfield>
  </datafield>
  <datafield tag="260" ind1=" " ind2=" ">
    <subfield code="a">Madrid : </subfield>
    <subfield code="b">Sextopiso, </subfield>
    <subfield code="c">2023</subfield>
  </datafield>
  <datafield tag="300" ind1=" " ind2=" ">
    <subfield code="a">317 pages ; </subfield>
    <subfield code="c">24 cm</subfield>
  </datafield>
  <datafield tag="520" ind1=" " ind2=" ">
    <subfield code="a">Los seres humanos vivimos rodeados de historias que condicionan nuestro modo de entender el mundo y de entendernos entre nosotros. Estas historias pueden ser reales o ficticias, propias o ajenas, alegres o descorazonadoras, pero nunca pasan desapercibidas: nuestro cerebro las interpreta, las registra y las utiliza. A trav&#xE9;s de las narraciones vemos y o&#xED;mos, nos comunicamos, aprendemos del entorno y le damos forma a todo est&#xED;mulo que nos llega; en definitiva, a trav&#xE9;s de las narraciones vivimos.
En este brillante ensayo, el profesor de Ciencias Cognitivas Fritz Breithaupt arroja luz sobre los sofisticados mecanismos neuronales que hacen que el cerebro interprete el mundo a trav&#xE9;s de las historias que recibe y las que &#xE9;l mismo fabrica. Breithaupt nos habla de literatura, de sociolog&#xED;a y de nuestra vida cotidiana; desentra&#xF1;a las particularidades de aquellas narraciones que residen en nosotros casi instintivamente, como las de los hermanos Grimm; y explica c&#xF3;mo las sociedades precisan de relatos colectivos que las ayuden a superar sus traumas, como ocurri&#xF3; tras el 11-S o como, apunta, ocurre y ocurrir&#xE1; tras la pandemia del coronavirus. El cerebro narrativo es una obra rigurosa y did&#xE1;ctica que combina con equilibrio la investigaci&#xF3;n cient&#xED;fica profunda con ejemplos extra&#xED;dos de la literatura, el cine o la vida cotidiana. Es, en resumen, una fascinante indagaci&#xF3;n acerca del modo en que las narraciones nos hacen ser quienes somos.</subfield>
  </datafield>
  <datafield tag="520" ind1=" " ind2=" ">
    <subfield code="a">Human beings live surrounded by stories that shape how we understand the world and relate to one another. These stories may be real or fictional, personal or shared, joyful or heartbreaking, but they are never neutral: our brains interpret them, store them, and put them to use. Through narrative we see and hear, we communicate, we learn from our environment, and we give meaning to every stimulus we receive. In short, it is through narrative that we live.

In this brilliant essay, Professor of Cognitive Science Fritz Breithaupt sheds light on the sophisticated neural mechanisms that allow the brain to interpret the world through the stories it absorbs&#x2014;and those it creates. Breithaupt draws from literature, sociology, and everyday life; he unpacks the particularities of stories that dwell within us almost instinctively, such as the tales of the Brothers Grimm; and he explains how societies depend on shared narratives to overcome trauma, as seen after 9/11 or, as he suggests, in the wake of the coronavirus pandemic.

The Narrative Brain is a rigorous and highly readable work that strikes a fine balance between in-depth scientific research and examples drawn from literature, film, and daily life. It is, in essence, a fascinating exploration of how stories shape who we are.</subfield>
  </datafield>
  <datafield tag="650" ind1="0" ind2="0">
    <subfield code="a">Cognition</subfield>
    <subfield code="9">6853</subfield>
  </datafield>
  <datafield tag="650" ind1="0" ind2="0">
    <subfield code="a">Neurobiology</subfield>
    <subfield code="9">25542</subfield>
  </datafield>
  <datafield tag="700" ind1=" " ind2=" ">
    <subfield code="a">Chamorro Mielke, Joaqu&#xED;n</subfield>
    <subfield code="e">translator</subfield>
    <subfield code="9">25506</subfield>
  </datafield>
  <datafield tag="942" ind1=" " ind2=" ">
    <subfield code="2">lcc</subfield>
  </datafield>
  <datafield tag="952" ind1=" " ind2=" ">
    <subfield code="0">0</subfield>
    <subfield code="1">0</subfield>
    <subfield code="2">lcc</subfield>
    <subfield code="4">0</subfield>
    <subfield code="7">0</subfield>
    <subfield code="a">TBS</subfield>
    <subfield code="b">TBS</subfield>
    <subfield code="d">2025-06-19</subfield>
    <subfield code="l">0</subfield>
    <subfield code="o">BF311 BRE</subfield>
    <subfield code="p">B05764</subfield>
    <subfield code="r">2025-06-19</subfield>
    <subfield code="t">1</subfield>
    <subfield code="w">2025-06-19</subfield>
    <subfield code="y">1</subfield>
  </datafield>
  <datafield tag="999" ind1=" " ind2=" ">
    <subfield code="c">4781</subfield>
    <subfield code="d">4781</subfield>
  </datafield>
</record>
